LEADER 01021nam a2200229 i 4500 001 000000200802 003 CaOOAMICUS 005 20110414000000.0 008 110414s1936 it u000 u ita u 013 $a179503 040 $aSeMil$bita 100 1 $aFinzi, Guido,$d<1884-1959>.$0(OLS)http://semarc/name/72586 245 13$aLe "esotubercoline" in medicina umana e veterinaria /$cprof. Guido Finzi ; con prefazione di Edoardo Maragliano senatore del regno. 260 $aCremona :$bCremona Nuova,$c1936. 300 $a306 p. ;$c25 cm. 500 $aSul front : dedica autografa dell'autore al card. Schuster. 650 4$aMedicina.$0(OLS)http://semarc/subject/3896 700 1 $aMaragliano, Edoardo.$0(OLS)http://semarc/name/72587 850 $aSeMil 852 $aSeMil$W1$xVenegono$y1$m3XP II 3$j151331$B151331$CSeMilBibl$Z2$F162568 $81 996 $6245$aLe "esotubercoline" in medicina umana e veterinaria$9(OLS)http://semarc/title/290449 996 $6260$aCremona :$bCremona Nuova$9(OLS)http://semarc/publisher/48099 LEADER 01403nam a2200313 i 4500 001 000000073458 003 CaOOAMICUS 005 20240426085041.0 008 050727s2000 be u000 u fre u 013 $a44630 020 $a2-87299-089-5 040 $aSeMil$bita 245 00$aAu point de départ :$bJoseph Maréchal entre la critique kantienne et l'ontologie thomiste /$cPaul Gilbert (éd.) 264 1$aBruxelles :$bLessius,$c2000. 300 $a536 p. ;$c21 cm. 490 1 $aDonner raison ;$v6 600 14$aMaréchal, Joseph .$0(OLS)http://semarc/subject/9836 650 4$aKantismo.$0(OLS)http://semarc/subject/55594 650 4$aTomismo.$0(OLS)http://semarc/subject/728 650 4$aMaréchal, Joseph - Pensiero filosofico.$0(OLS)http://semarc/subject/9777 700 1 $aGilbert, Paul,$c.$0(OLS)http://semarc/name/10657 830 0$aDonner raison ;$v6.$0(OLS)http://semarc/title/12648 850 $aSeMil 852 $aSeMil$W1$xVenegono$y1$m2R II 360$j39610$B39610$CSeMilBibl$Z2$F39614 $81 961 $aOmaggio: Scuola Cattolica 996 $6020$a2-87299-089-5$9(OLS)http://semarc/number/52943 996 $6245$aAu point de départ :$bJoseph Maréchal entre la critique kantienne et l'ontologie thomiste$9(OLS)http://semarc/title/118621 996 $6264$aBruxelles :$bLessius$9(OLS)http://semarc/publisher/31201